000 00215 a2200097 4500
001 12233
100 _aDeepak Chopra
245 _aKamyabi kay Saat Roohani Asool
260 _a
_bSang-e-Meel
_c
090 _c9461
_d9461
942 _aNUST-CAE
_cM
_c36335
999 _c247306
_d247306